| 000 | 01155nam a22003737a 4500 | ||
|---|---|---|---|
| 001 | 0008423 | ||
| 003 | KOHA_MİRAKIL | ||
| 005 | 20260207001634.0 | ||
| 007 | ta | ||
| 008 | 091009b2002 tu |||gr||||#||||0|tur | | ||
| 020 |
_a975161502X _cTL15 |
||
| 040 |
_aTR-BiSEU _btur _cTR-BiSEU _erda |
||
| 041 | 0 | _atur | |
| 044 | _ctu | ||
| 050 |
_aTG111 _b.C84 2002 |
||
| 100 | 1 | _aÇulpan, Cevdet. | |
| 245 | 1 |
_aTürk taş köprüleri : _bOrtaçağdan Osmanlı Devri sonuna kadar/ _cCevdet Çulpan ; Cevdet Çulpan. |
|
| 264 | 1 |
_aAnkara : _bTürk Tarih Kurumu _c2002 |
|
| 300 | _axxii, 257 sayfa, [82] leaves of plates: ill.; 34 cm. | ||
| 336 |
_ametin _btxt _2rdacontent |
||
| 337 |
_aaracısız _bn _2rdamedia |
||
| 338 |
_acilt _bnc _2rdacarrier |
||
| 490 | 1 |
_aTürk Tarih Kurumu yayınlarından ; _v6. |
|
| 490 | 1 | _adizi, sa. | |
| 490 | 1 | _a16-1. | |
| 500 | _aKaynakça ve dizin var. | ||
| 650 | 0 |
_aBridges--Turkey. _920981 |
|
| 650 | 0 |
_aBridges, Stone. _920982 |
|
| 650 | 0 |
_aBridges, Arched. _920983 |
|
| 830 | 1 |
_aTürk Tarih Kurumu yayınlarından ; _v6. _920292 |
|
| 830 | 1 |
_adizi, sa. _920629 |
|
| 830 | 1 |
_a16-1. _920984 |
|
| 942 |
_2lcc _cBK |
||
| 999 |
_c8395 _d8395 |
||